000 00536nam a2200169 a 4500
001 7599
005 20180713191508.0
008 140415s1970 000 0 spa d
041 _aspa
082 _a001.64
_bMAL
100 1 _aMALEY, HERALD A.
245 1 0 _aINTRODUCCION A LAS COMPUTADORAS DIGITALES :
_bTECNICAS DE OPERACION DISEÑO LOGICO PROGRAMACION
260 _a[s.l.] :
_bLIMUSA,
_c1970
300 _a278
650 1 4 _aCOMPUTADORES
_xCOMPUTADORES ELECTRONICOS DIGITALES
700 1 _aHEILWEIL, MELVIN F.
_ecoaut.
999 _c7599
_d7599